00513cam a22002051 4500001001300000003000400013005001700017008004100034010001700075035002000092040001800112042001200130050002300142100004800165245002400213260001600237300002200253500001500275999001700290sa 67004640 DLC20260227112349.0890420s1963 np 000 0 nepo  asa 67004640  a(OCoLC)19575810 aDLCcWaUdDLC apremarc00aPK2598.P7bS9 19641 aPradhan, Hridaya Chandra Singh,d1916-1960.10aSvāsnīmānche. c[1963 or 4] a4, 245 p.c19 cm. aIn Nepali. c74648d74648